000 00527cam a22002052 4500
001 0000001294
005 20170406113325.0
008 131219s xx 000 0 eng d
020 _c$
040 _aYour Holding Symbol
_cYour Holding Symbol
100 1 _aWedgwood.
245 1 4 _aThe king's war1641-1647.
250 _a ed.
260 _alondon :
_bcollins,
_c1958.
300 _a 668 p. ;
_c cm.
504 _aindex.
650 0 _agreat britain.
908 _a131219
999 _c1211
_d1211